• 首页
  • 本馆介绍
  • 公告通知
  • 最新文献
  • 馆藏检索
  • 电子资源
  • 读者导购
  • 参考咨询
  • 我的图书馆
  • 登录
  • 详细信息显示
  • 放入我的书架
  • 预约/预借图书
  • 作者相关作品
  • 分类相关作品
  • 丛书相关作品
  • 出版社相关作品

书目信息

  • 表格格式
  • 工作单格式
  • 卡片格式
题名:
歌剧《纽伦堡的名歌手》序曲
    
 
作者: Wanger , 瓦格纳 曲
分册:  
出版信息: 北京   人民音乐出版社  1983
页数: 60页
开本: 21cm
丛书名:
单 册:
中图分类: J653.2
科图分类:
主题词: 序曲-歌剧--德国 , 歌剧-序曲--德国
电子资源:
ISBN:
000 00726nam0 2200253 45
001 0183004078
005 20060724092510.28
010    @dCNY0.66
091    @aCN@b8026.4075
100    @a19950407d1983 em y0chiy0121 ea
101 1  @achi@cger
102    @aCN@b110000
105    @ag z 000yy
200 10 @a歌剧《纽伦堡的名歌手》序曲@Age ju《 niu lun bao de ming ge shou》 xu qu@e管弦乐总谱@e正谱本@f(德)瓦格纳(R.Wagner)曲
210    @a北京@c人民音乐出版社@d1983
215    @a60页@d21cm
606    @a序曲-歌剧@y德国
606    @a歌剧-序曲@y德国
690    @aJ653.2@v3
701 A1 @aWanger@bR.@4曲
701  1 @a瓦格纳@Awa ge na@bR.@4曲
801  2 @aCN@bNLC@c20060724
801  0 @aCN@bTSSF
905    @a10447@dJ653.2@e322
    
    歌剧《纽伦堡的名歌手》序曲:管弦乐总谱:正谱本/(德)瓦格纳(R.Wagner)曲.-北京:人民音乐出版社,1983
    60页;21cm
    
    
    ISBN :CNY0.66
    
●
相关链接 在E读中查询图书 在五车中查询图书 在当当中查询图书 在豆瓣中查询图书


正题名:歌剧《纽伦堡的名歌手》序曲     索取号:J653.2/322         预约/预借

序号 登录号 条形码 馆藏地/架位号 状态 备注
1 0435779   204357793   密集书库/ [索取号:J653.2/322] 在馆    
2 0435780   204357800   密集书库/ [索取号:J653.2/322] 在馆    
唐山师范学院图书馆 欢迎您!
大连网信软件有限公司© 版权所有